[Event "Ch France 2018 - Vétérans"]
[Site "?"]
[Date "2018.08.21"]
[Round "4.2"]
[White "Vareille, Francois"]
[Black "Lebret, Jean-Michel"]
[Result "1-0"]
[BlackElo "2038"]
[WhiteElo "2421"]
[LiveChessVersion "1.4.4"]

1. d4 {[%clk 1:30:55]} d5 {[%clk 1:25:08]} 2. c4 {[%clk 1:29:23]} e6
{[%clk 1:25:30]} 3. Nc3 {[%clk 1:29:40]} c5 {[%clk 1:25:41]} 4. cxd5
{[%clk 1:30:01]} exd5 {[%clk 1:26:04]} 5. Nf3 {[%clk 1:30:24]} Nc6
{[%clk 1:26:28]} 6. g3 {[%clk 1:30:40]} Nf6 {[%clk 1:26:45]} 7. Bg2
{[%clk 1:31:06]} Be7 {[%clk 1:27:06]} 8. O-O {[%clk 1:31:30]} O-O
{[%clk 1:27:27]} 9. Bg5 {[%clk 1:31:49]} cxd4 {[%clk 1:27:37]} 10. Nxd4
{[%clk 1:32:13]} h6 {[%clk 1:27:57]} 11. Be3 {[%clk 1:32:34]} Re8
{[%clk 1:28:10]} 12. Qa4 {[%clk 1:32:56]} Bd7 {[%clk 1:27:09]} 13. Rfd1
{[%clk 1:31:15]} Na5 {[%clk 1:03:52]} 14. Qc2 {[%clk 1:31:26]} Nc4
{[%clk 1:00:57]} 15. Bc1 {[%clk 1:30:50]} Rc8 {[%clk 0:58:51]} 16. b3
{[%clk 1:18:52]} Nd6 {[%clk 0:52:34]} 17. Qd3 {[%clk 1:12:59]} Bc6
{[%clk 0:46:22]} 18. Bb2 {[%clk 1:10:58]} Bf8 {[%clk 0:41:10]} 19. e3
{[%clk 0:57:32]} Qd7 {[%clk 0:26:34]} 20. Nde2 {[%clk 0:51:00]} Nde4
{[%clk 0:22:48]} 21. Nf4 {[%clk 0:36:14]} Rcd8 {[%clk 0:14:55]} 22. Bh3
{[%clk 0:32:06]} Qe7 {[%clk 0:13:58]} 23. Rac1 {[%clk 0:28:21]} d4
{[%clk 0:11:46]} 24. exd4 {[%clk 0:26:32]} Nxc3 {[%clk 0:12:02]} 25. Qxc3
{[%clk 0:22:15]} Nd5 {[%clk 0:10:46]} 26. Nxd5 {[%clk 0:21:42]} Bxd5
{[%clk 0:11:05]} 27. Bg2 {[%clk 0:21:44]} Bxg2 {[%clk 0:09:55]} 28. Kxg2
{[%clk 0:22:12]} Qe4+ {[%clk 0:10:05]} 29. Qf3 {[%clk 0:22:15]} Qe2
{[%clk 0:10:26]} 30. Ba1 {[%clk 0:18:11]} Qxf3+ {[%clk 0:05:15]} 31. Kxf3
{[%clk 0:18:38]} Re7 {[%clk 0:05:35]} 32. Rc2 {[%clk 0:16:27]} g6
{[%clk 0:05:54]} 33. Rdc1 {[%clk 0:14:18]} Bg7 {[%clk 0:05:45]} 34. Rc8
{[%clk 0:13:11]} Red7 {[%clk 0:04:58]} 35. Rxd8+ {[%clk 0:13:27]} Rxd8
{[%clk 0:05:27]} 36. Rc7 {[%clk 0:13:11]} Bxd4 {[%clk 0:05:44]} 37. Bxd4
{[%clk 0:13:37]} Rxd4 {[%clk 0:06:06]} 38. Rxb7 {[%clk 0:14:01]} a5
{[%clk 0:05:12]} 39. Ke3 {[%clk 0:13:46]} Rd5 {[%clk 0:04:00]} 40. a4
{[%clk 0:13:51]} Re5+ {[%clk 0:03:33]} 41. Kf3 {[%clk 0:09:45]} Re6
{[%clk 0:25:32]} 42. Rb5 {[%clk 0:39:45]} Ra6 {[%clk 0:25:53]} 43. Ke4
{[%clk 0:39:12]} Kg7 {[%clk 0:25:29]} 44. Kd5 {[%clk 0:39:06]} g5
{[%clk 0:25:18]} 45. f3 {[%clk 0:37:54]} Rf6 {[%clk 0:25:17]} 46. Kc5
{[%clk 0:36:12]} Rxf3 {[%clk 0:25:39]} 47. Kb6 {[%clk 0:36:32]} f5
{[%clk 0:25:26]} 48. Kxa5 {[%clk 0:36:52]} f4 {[%clk 0:25:50]} 49. gxf4
{[%clk 0:37:15]} gxf4 {[%clk 0:26:08]} 50. Kb6 {[%clk 0:37:01]} Kg6
{[%clk 0:26:10]} 51. a5 {[%clk 0:37:08]} Re3 {[%clk 0:26:33]} 52. a6
{[%clk 0:36:48]} f3 {[%clk 0:26:38]} 53. a7 {[%clk 0:36:55]} Re6+
{[%clk 0:23:54]} 54. Ka5 {[%clk 0:36:11]} Re1 {[%clk 0:23:42]} 55. Rb4
{[%clk 0:35:34]} Ra1+ {[%clk 0:23:08]} 56. Kb6 {[%clk 0:34:50]} Kg5
{[%clk 0:23:20]} 57. h4+ {[%clk 0:35:07]} Kf5 {[%clk 0:23:15]} 58. Ra4
{[%clk 0:35:25]} 1-0

[Event "Ch France 2018 - Vétérans"]
[Site "?"]
[Date "2018.08.21"]
[Round "4.3"]
[White "Vial, Patrick"]
[Black "Caderon, Michel"]
[Result "1-0"]
[BlackElo "1967"]
[WhiteElo "2139"]
[LiveChessVersion "1.4.4"]

1. e4 {[%clk 1:30:58]} c5 {[%clk 1:30:50]} 2. Nc3 {[%clk 1:31:20]} d6
{[%clk 1:31:08]} 3. d4 {[%clk 1:31:30]} cxd4 {[%clk 1:31:21]} 4. Qxd4
{[%clk 1:31:58]} a6 {[%clk 1:31:28]} 5. b3 {[%clk 1:29:06]} Nf6 {[%clk 1:25:23]}
6. Bb2 {[%clk 1:26:37]} e5 {[%clk 1:20:06]} 7. Qd2 {[%clk 1:24:19]} Be6
{[%clk 1:20:00]} 8. O-O-O {[%clk 1:22:14]} Nc6 {[%clk 1:18:48]} 9. f3
{[%clk 1:15:28]} Be7 {[%clk 1:18:58]} 10. Kb1 {[%clk 1:11:46]} h5
{[%clk 1:15:13]} 11. h4 {[%clk 1:09:13]} Qa5 {[%clk 1:00:05]} 12. Nh3
{[%clk 1:08:56]} Bxh3 {[%clk 0:51:02]} 13. Rxh3 {[%clk 1:08:50]} b5
{[%clk 0:48:46]} 14. Rh2 {[%clk 0:40:05]} Rc8 {[%clk 0:48:15]} 15. a4
{[%clk 0:27:14]} Nd4 {[%clk 0:33:55]} 16. axb5 {[%clk 0:26:29]} axb5
{[%clk 0:23:56]} 17. Nxb5 {[%clk 0:26:28]} Qxd2 {[%clk 0:23:09]} 18. Rxd2
{[%clk 0:24:11]} Nxb5 {[%clk 0:23:21]} 19. Bxb5+ {[%clk 0:24:34]} Kf8
{[%clk 0:23:49]} 20. Rh1 {[%clk 0:22:12]} Ne8 {[%clk 0:22:40]} 21. Rhd1
{[%clk 0:21:33]} Nc7 {[%clk 0:21:29]} 22. Bc4 {[%clk 0:20:11]} Rh6
{[%clk 0:20:03]} 23. Ba3 {[%clk 0:18:59]} Ne8 {[%clk 0:18:20]} 24. Bb5
{[%clk 0:18:46]} Nc7 {[%clk 0:16:38]} 25. Bd7 {[%clk 0:12:38]} Rd8
{[%clk 0:16:06]} 26. Bc6 {[%clk 0:11:52]} Na6 {[%clk 0:11:08]} 27. c4
{[%clk 0:10:38]} Rb8 {[%clk 0:08:54]} 28. Bb5 {[%clk 0:04:06]} Nc7
{[%clk 0:07:24]} 29. Rxd6 {[%clk 0:03:54]} Rxd6 {[%clk 0:06:43]} 30. Rxd6
{[%clk 0:04:24]} Ne8 {[%clk 0:05:56]} 31. Ra6 {[%clk 0:03:11]} Bxa3
{[%clk 0:05:17]} 32. Rxa3 {[%clk 0:03:41]} Nc7 {[%clk 0:05:43]} 33. Ra5
{[%clk 0:03:56]} Ne6 {[%clk 0:05:33]} 34. Kb2 {[%clk 0:02:42]} Nd4
{[%clk 0:03:27]} 35. Ka3 {[%clk 0:02:28]} f6 {[%clk 0:03:51]} 36. Ka4
{[%clk 0:02:28]} g5 {[%clk 0:03:22]} 37. hxg5 {[%clk 0:02:41]} fxg5
{[%clk 0:03:51]} 38. Ra7 {[%clk 0:02:56]} g4 {[%clk 0:04:03]} 39. fxg4
{[%clk 0:03:20]} hxg4 {[%clk 0:04:31]} 40. b4 {[%clk 0:03:13]} Ne2
{[%clk 0:04:45]} 41. Bc6 {[%clk 0:03:21]} Nf4 {[%clk 0:04:50]} 42. Rh7
{[%clk 0:01:24]} Kg8 {[%clk 0:04:44]} 43. Rh4 {[%clk 0:01:21]} Nd3
{[%clk 0:05:05]} 44. Rxg4+ {[%clk 0:01:23]} Kf7 {[%clk 0:05:29]} 45. Bd5+
{[%clk 0:01:20]} Kf6 {[%clk 0:05:51]} 46. b5 {[%clk 0:01:31]} Rh8
{[%clk 0:06:03]} 47. b6 {[%clk 0:00:45]} 1-0

[Event "Ch France 2018 - Open A"]
[Site "?"]
[Date "2018.08.21"]
[Round "4.1"]
[White "El Mchaouri Mas, Younes"]
[Black "Giacomini, Hector"]
[Result "1-0"]
[BlackElo "2196"]
[WhiteElo "2120"]
[LiveChessVersion "1.4.4"]

1. Nf3 {[%clk 1:30:56]} d5 {[%clk 1:30:50]} 2. c4 {[%clk 1:31:18]} e6
{[%clk 1:31:15]} 3. d4 {[%clk 1:31:38]} Nf6 {[%clk 1:31:36]} 4. g3
{[%clk 1:32:03]} dxc4 {[%clk 1:31:50]} 5. Bg2 {[%clk 1:32:16]} c5
{[%clk 1:32:03]} 6. Qa4+ {[%clk 1:22:36]} Bd7 {[%clk 1:28:32]} 7. Qxc4
{[%clk 1:22:58]} Bc6 {[%clk 1:22:44]} 8. dxc5 {[%clk 1:10:01]} Nbd7
{[%clk 1:16:01]} 9. Nc3 {[%clk 0:52:21]} Bxc5 {[%clk 1:11:44]} 10. O-O
{[%clk 0:50:03]} Rc8 {[%clk 1:11:31]} 11. Qh4 {[%clk 0:38:37]} O-O
{[%clk 1:10:32]} 12. e4 {[%clk 0:26:29]} e5 {[%clk 1:04:50]} 13. Bg5
{[%clk 0:19:19]} Be7 {[%clk 1:03:56]} 14. Nd5 {[%clk 0:14:28]} Bxd5
{[%clk 1:00:39]} 15. exd5 {[%clk 0:14:54]} h6 {[%clk 0:57:34]} 16. Bxf6
{[%clk 0:15:12]} Bxf6 {[%clk 0:57:52]} 17. Qg4 {[%clk 0:11:56]} Nb6
{[%clk 0:56:01]} 18. Rad1 {[%clk 0:11:51]} Rc2 {[%clk 0:39:43]} 19. Qb4
{[%clk 0:07:55]} Qd7 {[%clk 0:39:16]} 20. Rfe1 {[%clk 0:05:33]} e4
{[%clk 0:36:21]} 21. Qxe4 {[%clk 0:05:47]} Rxb2 {[%clk 0:36:36]} 22. Re2
{[%clk 0:03:13]} Rxe2 {[%clk 0:35:45]} 23. Qxe2 {[%clk 0:03:42]} Re8
{[%clk 0:35:07]} 24. Qd3 {[%clk 0:02:34]} Nc8 {[%clk 0:32:10]} 25. Nd2
{[%clk 0:01:38]} Nd6 {[%clk 0:32:12]} 26. Nc4 {[%clk 0:01:46]} Nxc4
{[%clk 0:30:13]} 27. Qxc4 {[%clk 0:02:15]} Rc8 {[%clk 0:28:47]} 28. Qf4
{[%clk 0:01:37]} Bg5 {[%clk 0:26:00]} 29. Qd4 {[%clk 0:01:25]} b6
{[%clk 0:24:40]} 30. d6 {[%clk 0:01:26]} Bf6 {[%clk 0:20:48]} 31. Qe4
{[%clk 0:01:06]} Rd8 {[%clk 0:16:22]} 32. Bf1 {[%clk 0:00:55]} g6
{[%clk 0:15:10]} 33. a4 {[%clk 0:01:11]} Qe6 {[%clk 0:11:45]} 34. Qxe6
{[%clk 0:00:48]} fxe6 {[%clk 0:12:10]} 35. d7 {[%clk 0:01:01]} Kf7
{[%clk 0:11:45]} 36. Bh3 {[%clk 0:00:51]} Ke7 {[%clk 0:09:36]} 37. Re1
{[%clk 0:01:15]} e5 {[%clk 0:09:58]} 38. Rd1 {[%clk 0:01:26]} a6 {[%clk 0:09:18]}
39. Rb1 {[%clk 0:01:26]} Rb8 {[%clk 0:09:30]} 40. Rc1 {[%clk 0:01:50]} Rd8
{[%clk 0:06:13]} 41. Rc6 {[%clk 0:02:15]} b5 {[%clk 0:06:00]} 42. Re6+
{[%clk 0:02:20]} Kf7 {[%clk 0:06:19]} 43. Rxa6 {[%clk 0:02:27]} bxa4
{[%clk 0:06:18]} 44. Rxa4 {[%clk 0:02:52]} Rb8 {[%clk 0:02:31]} 45. Ra7
{[%clk 0:28:26]} Bd8 {[%clk 0:32:28]} 46. Kg2 {[%clk 0:25:40]} Rb2
{[%clk 0:32:28]} 47. Ra6 {[%clk 0:23:43]} Rd2 {[%clk 0:30:49]} 48. Kf3
{[%clk 0:20:02]} e4+ {[%clk 0:29:26]} 49. Ke3 {[%clk 0:12:06]} Bg5+
{[%clk 0:29:30]} 50. Kxe4 {[%clk 0:12:23]} Rxf2 {[%clk 0:29:47]} 51. Be6+
{[%clk 0:11:40]} Ke7 {[%clk 0:29:55]} 52. h4 {[%clk 0:11:42]} Bf6
{[%clk 0:29:50]} 53. Bg4 {[%clk 0:11:07]} Rd2 {[%clk 0:28:20]} 54. Re6+
{[%clk 0:07:16]} Kf7 {[%clk 0:28:31]} 55. Ke3 {[%clk 0:06:40]} Rd5
{[%clk 0:27:41]} 56. Re8 {[%clk 0:06:45]} Rd6 {[%clk 0:27:37]} 57. h5
{[%clk 0:03:45]} gxh5 {[%clk 0:25:48]} 58. Bxh5+ {[%clk 0:04:04]} Kg7
{[%clk 0:26:12]} 59. Bg4 {[%clk 0:04:25]} Kf7 {[%clk 0:25:42]} 60. Bf5
{[%clk 0:04:27]} Bg5+ {[%clk 0:18:27]} 61. Ke4 {[%clk 0:04:16]} Bf6
{[%clk 0:18:41]} 62. Kf3 {[%clk 0:03:36]} Rd4 {[%clk 0:17:25]} 63. Be6+
{[%clk 0:03:00]} Kg7 {[%clk 0:17:32]} 64. Rg8+ {[%clk 0:02:28]} Kh7
{[%clk 0:17:57]} 65. g4 {[%clk 0:01:38]} Bg5 {[%clk 0:16:57]} 66. Rxg5
{[%clk 0:00:40]} hxg5 {[%clk 0:17:16]} 67. Ke3 {[%clk 0:00:54]} Rd6
{[%clk 0:17:13]} 68. Bf5+ {[%clk 0:00:54]} Kg7 {[%clk 0:17:38]} 69. Kf3
{[%clk 0:00:59]} Kf6 {[%clk 0:17:41]} 70. Ke4 {[%clk 0:01:13]} Rd1
{[%clk 0:17:48]} 71. Ke3 {[%clk 0:01:33]} Ke5 {[%clk 0:17:42]} 72. Bd3
{[%clk 0:01:30]} 1-0

[Event "Ch France 2018 - Open A"]
[Site "?"]
[Date "2018.08.21"]
[Round "4.2"]
[White "Daurelle, Herve"]
[Black "Pham, Arthur"]
[Result "0-1"]
[BlackElo "2107"]
[WhiteElo "2181"]
[LiveChessVersion "1.4.4"]

1. e4 {[%clk 1:30:57]} c5 {[%clk 1:30:38]} 2. Nf3 {[%clk 1:31:23]} g6
{[%clk 1:30:43]} 3. d4 {[%clk 1:31:47]} cxd4 {[%clk 1:31:01]} 4. Nxd4
{[%clk 1:32:12]} Bg7 {[%clk 1:31:09]} 5. c4 {[%clk 1:32:17]} Nc6 {[%clk 1:28:13]}
6. Be3 {[%clk 1:32:36]} d6 {[%clk 1:23:24]} 7. Nc3 {[%clk 1:32:04]} Nf6
{[%clk 1:23:16]} 8. Be2 {[%clk 1:32:25]} O-O {[%clk 1:18:06]} 9. O-O
{[%clk 1:32:37]} Nxd4 {[%clk 1:12:01]} 10. Bxd4 {[%clk 1:33:00]} Be6
{[%clk 1:10:37]} 11. Qd2 {[%clk 1:31:34]} Qa5 {[%clk 1:08:23]} 12. Rfd1
{[%clk 1:27:12]} Rfc8 {[%clk 1:06:48]} 13. b3 {[%clk 1:25:48]} Nd7
{[%clk 1:03:10]} 14. Bxg7 {[%clk 1:23:49]} Kxg7 {[%clk 1:03:15]} 15. Rac1
{[%clk 1:15:23]} a6 {[%clk 1:01:18]} 16. f4 {[%clk 1:05:26]} f6 {[%clk 0:53:37]}
17. Bf3 {[%clk 1:01:57]} Rab8 {[%clk 0:51:34]} 18. a4 {[%clk 0:56:09]} Qb6+
{[%clk 0:50:28]} 19. Qd4 {[%clk 0:50:16]} Qxb3 {[%clk 0:48:49]} 20. Nd5
{[%clk 0:50:11]} Bxd5 {[%clk 0:47:40]} 21. Qxd5 {[%clk 0:50:11]} Nc5
{[%clk 0:46:43]} 22. Kh1 {[%clk 0:41:36]} Qe3 {[%clk 0:46:13]} 23. f5
{[%clk 0:40:14]} Nxa4 {[%clk 0:43:40]} 24. fxg6 {[%clk 0:36:11]} hxg6
{[%clk 0:42:38]} 25. Bg4 {[%clk 0:35:40]} Rc5 {[%clk 0:41:23]} 26. Qe6
{[%clk 0:35:19]} Re5 {[%clk 0:41:45]} 27. Qd7 {[%clk 0:35:24]} Nc5
{[%clk 0:42:11]} 28. Qc7 {[%clk 0:35:21]} Nxe4 {[%clk 0:42:04]} 29. Rc2
{[%clk 0:33:28]} Rh8 {[%clk 0:39:41]} 30. h3 {[%clk 0:33:44]} f5 {[%clk 0:39:33]}
0-1

[Event "Ch France 2018 - Open A"]
[Site "?"]
[Date "2018.08.21"]
[Round "4.4"]
[White "Girardon, Jerome"]
[Black "Grimault, Nathan"]
[Result "1-0"]
[BlackElo "2066"]
[WhiteElo "2186"]
[LiveChessVersion "1.4.4"]

1. e4 {[%clk 1:30:31]} g6 {[%clk 1:30:44]} 2. d4 {[%clk 1:30:41]} Bg7
{[%clk 1:31:02]} 3. Nc3 {[%clk 1:30:51]} d6 {[%clk 1:31:14]} 4. Bg5
{[%clk 1:30:51]} c5 {[%clk 1:30:06]} 5. dxc5 {[%clk 1:31:03]} Qa5
{[%clk 1:27:37]} 6. Qd2 {[%clk 1:30:51]} Bxc3 {[%clk 1:22:13]} 7. bxc3
{[%clk 1:27:23]} Qxc5 {[%clk 1:22:13]} 8. Nf3 {[%clk 1:26:17]} Nf6
{[%clk 1:19:00]} 9. Bd3 {[%clk 1:26:31]} O-O {[%clk 1:17:57]} 10. O-O
{[%clk 1:26:48]} Be6 {[%clk 1:17:56]} 11. Rfb1 {[%clk 1:26:08]} b6
{[%clk 1:16:09]} 12. a4 {[%clk 1:18:40]} Nbd7 {[%clk 1:15:13]} 13. a5
{[%clk 1:17:21]} Rfc8 {[%clk 1:14:08]} 14. axb6 {[%clk 1:16:47]} Nxb6
{[%clk 1:12:45]} 15. Be3 {[%clk 1:15:26]} Qc7 {[%clk 1:13:00]} 16. Bd4
{[%clk 1:15:20]} Nc4 {[%clk 1:07:32]} 17. Qf4 {[%clk 1:13:45]} Nh5
{[%clk 0:50:49]} 18. Qh4 {[%clk 1:06:09]} f6 {[%clk 0:47:30]} 19. g4
{[%clk 1:02:28]} Nf4 {[%clk 0:34:59]} 20. g5 {[%clk 0:40:16]} Nxd3
{[%clk 0:28:38]} 21. cxd3 {[%clk 0:40:21]} Ne5 {[%clk 0:29:01]} 22. Nd2
{[%clk 0:38:43]} fxg5 {[%clk 0:26:09]} 23. Qxg5 {[%clk 0:39:04]} Nf7
{[%clk 0:26:33]} 24. Qg2 {[%clk 0:35:47]} a5 {[%clk 0:26:32]} 25. f4
{[%clk 0:35:28]} Nd8 {[%clk 0:20:41]} 26. c4 {[%clk 0:31:33]} Qd7
{[%clk 0:18:20]} 27. Kh1 {[%clk 0:28:49]} Bh3 {[%clk 0:16:10]} 28. Qf2
{[%clk 0:22:37]} e5 {[%clk 0:10:11]} 29. Bc3 {[%clk 0:21:16]} exf4
{[%clk 0:05:10]} 30. Rg1 {[%clk 0:21:16]} Ne6 {[%clk 0:02:42]} 31. Nf3
{[%clk 0:17:44]} Qe7 {[%clk 0:01:34]} 32. Nh4 {[%clk 0:14:49]} g5
{[%clk 0:01:05]} 33. Qf3 {[%clk 0:14:50]} Kf7 {[%clk 0:01:02]} 34. Qxh3
{[%clk 0:13:14]} gxh4 {[%clk 0:01:28]} 35. Qf5+ {[%clk 0:12:26]} Ke8
{[%clk 0:01:53]} 36. Rg8+ {[%clk 0:12:37]} Kd7 {[%clk 0:02:13]} 37. Rg7
{[%clk 0:12:59]} 1-0

[Event "Ch France 2018"]
[Site "?"]
[Date "2018.08.22"]
[Round "5.1"]
[White "Le Roux, Jean-Pierre"]
[Black "Gharamian, Tigran"]
[Result "1/2-1/2"]
[BlackElo "2614"]
[WhiteElo "2539"]
[LiveChessVersion "1.4.8"]

1. d4 {[%clk 1:30:42]} Nf6 {[%clk 1:30:53]} 2. Nf3 {[%clk 1:31:00]} d5
{[%clk 1:31:15]} 3. Bf4 {[%clk 1:31:09]} c5 {[%clk 1:31:28]} 4. e3
{[%clk 1:31:08]} Nc6 {[%clk 1:31:51]} 5. Nbd2 {[%clk 1:31:11]} cxd4
{[%clk 1:31:48]} 6. exd4 {[%clk 1:31:16]} Bf5 {[%clk 1:32:13]} 7. c3
{[%clk 1:30:45]} e6 {[%clk 1:32:23]} 8. Qb3 {[%clk 1:26:58]} Bd6 {[%clk 1:31:25]}
9. Bxd6 {[%clk 1:26:17]} Qxd6 {[%clk 1:31:07]} 10. Be2 {[%clk 1:26:40]} O-O
{[%clk 1:28:37]} 11. O-O {[%clk 1:26:15]} Rab8 {[%clk 1:26:08]} 12. a4
{[%clk 1:25:48]} h6 {[%clk 1:22:29]} 13. Qa3 {[%clk 1:23:38]} Qxa3
{[%clk 1:15:40]} 14. Rxa3 {[%clk 1:24:01]} Rfc8 {[%clk 1:16:06]} 15. a5
{[%clk 1:22:22]} Ne4 {[%clk 1:10:14]} 16. Nxe4 {[%clk 1:19:32]} Bxe4
{[%clk 1:10:31]} 17. Nd2 {[%clk 1:19:24]} Bg6 {[%clk 1:08:47]} 18. f4
{[%clk 1:16:01]} b6 {[%clk 0:58:11]} 19. axb6 {[%clk 1:09:36]} Rxb6
{[%clk 0:58:35]} 20. b4 {[%clk 1:05:20]} Nxb4 {[%clk 0:48:21]} 21. cxb4
{[%clk 1:05:44]} Rc2 {[%clk 0:48:48]} 22. Rd1 {[%clk 1:05:20]} Rxb4
{[%clk 0:49:13]} 23. Bd3 {[%clk 0:56:45]} Rxd4 {[%clk 0:48:45]} 24. Bxc2
{[%clk 0:57:08]} Bxc2 {[%clk 0:49:11]} 25. Rc1 {[%clk 0:56:20]} Rxd2
{[%clk 0:49:36]} 26. Ra2 {[%clk 0:56:41]} Rd1+ {[%clk 0:49:57]} 27. Rxd1
{[%clk 0:57:06]} Bxd1 {[%clk 0:50:25]} 1/2-1/2

[Event "Ch France 2018"]
[Site "?"]
[Date "2018.08.22"]
[Round "5.2"]
[White "Edouard, Romain"]
[Black "Bacrot, Etienne"]
[Result "1/2-1/2"]
[BlackElo "2699"]
[WhiteElo "2638"]
[LiveChessVersion "1.4.8"]

1. e4 {[%clk 1:30:55]} e5 {[%clk 1:30:55]} 2. Nf3 {[%clk 1:31:21]} Nc6
{[%clk 1:31:21]} 3. Bb5 {[%clk 1:31:38]} Nf6 {[%clk 1:31:44]} 4. O-O
{[%clk 1:31:45]} Nxe4 {[%clk 1:32:06]} 5. d4 {[%clk 1:31:38]} Nd6
{[%clk 1:32:26]} 6. Bxc6 {[%clk 1:31:13]} dxc6 {[%clk 1:32:50]} 7. dxe5
{[%clk 1:31:39]} Nf5 {[%clk 1:33:15]} 8. Qxd8+ {[%clk 1:32:06]} Kxd8
{[%clk 1:33:39]} 9. Nc3 {[%clk 1:31:59]} Ke8 {[%clk 1:33:37]} 10. h3
{[%clk 1:31:49]} h5 {[%clk 1:33:25]} 11. Bf4 {[%clk 1:31:19]} Be7
{[%clk 1:32:56]} 12. Rad1 {[%clk 1:29:07]} Be6 {[%clk 1:32:02]} 13. Ng5
{[%clk 1:25:00]} Rh6 {[%clk 1:30:17]} 14. g3 {[%clk 1:19:46]} Bxg5
{[%clk 1:29:31]} 15. Bxg5 {[%clk 1:18:59]} Rg6 {[%clk 1:29:50]} 16. Bf4
{[%clk 1:18:02]} Nh4 {[%clk 1:25:24]} 17. Kh2 {[%clk 1:12:03]} Nf3+
{[%clk 1:26:10]} 18. Kg2 1/2-1/2

[Event "Ch France 2018"]
[Site "?"]
[Date "2018.08.22"]
[Round "5.3"]
[White "Loiseau, Quentin"]
[Black "Gozzoli, Yannick"]
[Result "0-1"]
[BlackElo "2596"]
[WhiteElo "2417"]
[LiveChessVersion "1.4.8"]

1. e4 {[%clk 1:30:48]} e5 {[%clk 1:30:48]} 2. Nf3 {[%clk 1:31:05]} Nc6
{[%clk 1:31:13]} 3. Bb5 {[%clk 1:31:24]} a6 {[%clk 1:31:37]} 4. Ba4
{[%clk 1:31:39]} Nf6 {[%clk 1:32:01]} 5. O-O {[%clk 1:31:58]} Be7
{[%clk 1:32:27]} 6. d3 {[%clk 1:32:22]} d6 {[%clk 1:32:52]} 7. c3
{[%clk 1:32:31]} O-O {[%clk 1:33:16]} 8. Nbd2 {[%clk 1:32:49]} Re8
{[%clk 1:33:37]} 9. Re1 {[%clk 1:32:49]} Bf8 {[%clk 1:33:59]} 10. Nf1
{[%clk 1:31:09]} h6 {[%clk 1:33:42]} 11. Ng3 {[%clk 1:31:00]} b5 {[%clk 1:34:07]}
12. Bc2 {[%clk 1:31:13]} d5 {[%clk 1:34:32]} 13. h3 {[%clk 1:29:29]} dxe4
{[%clk 1:33:55]} 14. dxe4 {[%clk 1:24:31]} Qxd1 {[%clk 1:34:19]} 15. Rxd1
{[%clk 1:24:36]} Be6 {[%clk 1:34:45]} 16. Be3 {[%clk 1:23:36]} g6
{[%clk 1:27:08]} 17. Nd2 {[%clk 1:16:53]} h5 {[%clk 1:18:50]} 18. Nf3
{[%clk 1:12:44]} Nh7 {[%clk 1:11:40]} 19. Bb3 {[%clk 1:09:01]} Na5
{[%clk 1:02:12]} 20. Bxe6 Rxe6 21. b3 {[%clk 1:04:46]} Be7 {[%clk 0:56:07]} 22.
Rd5 {[%clk 0:36:57]} f6 {[%clk 0:47:09]} 23. Rad1 {[%clk 0:33:28]} Nb7
{[%clk 0:34:17]} 24. c4 {[%clk 0:30:26]} bxc4 {[%clk 0:32:52]} 25. bxc4
{[%clk 0:28:31]} Rc6 {[%clk 0:33:08]} 26. c5 {[%clk 0:21:33]} Nf8
{[%clk 0:32:47]} 27. Ne1 {[%clk 0:21:06]} a5 {[%clk 0:21:57]} 28. Rb1
{[%clk 0:19:03]} Nd8 {[%clk 0:22:09]} 29. Rb5 {[%clk 0:16:02]} Nde6
{[%clk 0:18:32]} 30. a4 {[%clk 0:10:58]} Rca6 {[%clk 0:17:49]} 31. Rb7
{[%clk 0:11:02]} R6a7 {[%clk 0:15:33]} 32. Rxa7 {[%clk 0:03:54]} Rxa7
{[%clk 0:15:59]} 33. c6 {[%clk 0:03:04]} Ra6 {[%clk 0:16:25]} 34. Nd3
{[%clk 0:02:29]} Rxc6 {[%clk 0:08:07]} 35. Rxa5 {[%clk 0:02:47]} Rc3
{[%clk 0:08:34]} 36. Nb2 {[%clk 0:01:55]} Nd4 {[%clk 0:06:40]} 37. Ra8
{[%clk 0:01:13]} Ba3 {[%clk 0:06:34]} 38. Rb8 {[%clk 0:01:11]} Bxb2
{[%clk 0:06:27]} 39. Rxb2 {[%clk 0:01:36]} Ra3 {[%clk 0:06:55]} 40. Rb7
{[%clk 0:00:33]} Ra1+ {[%clk 0:05:55]} 41. Kh2 {[%clk 0:00:51]} h4
{[%clk 0:02:01]} 42. Nh1 {[%clk 0:28:59]} Nfe6 {[%clk 0:30:20]} 43. Ra7
{[%clk 0:26:54]} Kf7 {[%clk 0:26:44]} 44. Ra8 {[%clk 0:22:45]} Nc5
{[%clk 0:18:52]} 45. Rh8 {[%clk 0:21:15]} g5 {[%clk 0:18:13]} 46. Rh7+
{[%clk 0:21:07]} Ke6 {[%clk 0:18:15]} 47. Rxc7 {[%clk 0:19:19]} Nxe4
{[%clk 0:16:05]} 48. Rc1 {[%clk 0:17:04]} Rxa4 {[%clk 0:12:54]} 49. Re1
{[%clk 0:12:56]} Nc2 {[%clk 0:08:33]} 50. Re2 {[%clk 0:13:12]} Nxe3
{[%clk 0:08:56]} 51. Rxe3 {[%clk 0:13:25]} f5 {[%clk 0:09:22]} 52. Re1
{[%clk 0:13:13]} Ra2 {[%clk 0:09:26]} 53. Kg1 {[%clk 0:10:37]} Nc3
{[%clk 0:08:24]} 54. Kf1 {[%clk 0:10:37]} Nd5 {[%clk 0:06:34]} 55. Kg1
{[%clk 0:10:43]} Nf4 {[%clk 0:06:45]} 56. Kf1 {[%clk 0:10:19]} Nd3
{[%clk 0:06:22]} 57. Rd1 {[%clk 0:10:41]} e4 {[%clk 0:06:46]} 58. Kg1
{[%clk 0:10:28]} Ke5 {[%clk 0:07:09]} 59. Kf1 {[%clk 0:10:05]} Kd4
{[%clk 0:07:34]} 60. Kg1 {[%clk 0:10:02]} f4 {[%clk 0:07:50]} 0-1

[Event "Ch France 2018"]
[Site "?"]
[Date "2018.08.22"]
[Round "5.4"]
[White "Bauer, Christian"]
[Black "Cornette, Matthieu"]
[Result "1/2-1/2"]
[BlackElo "2593"]
[WhiteElo "2636"]
[LiveChessVersion "1.4.8"]

1. e4 {[%clk 1:30:49]} c5 {[%clk 1:30:43]} 2. Nf3 {[%clk 1:31:03]} Nc6
{[%clk 1:31:06]} 3. d4 {[%clk 1:31:29]} cxd4 {[%clk 1:31:24]} 4. Nxd4
{[%clk 1:31:56]} e5 {[%clk 1:31:23]} 5. Nb5 {[%clk 1:32:22]} d6 {[%clk 1:31:47]}
6. N1c3 {[%clk 1:32:44]} a6 {[%clk 1:32:08]} 7. Na3 {[%clk 1:33:12]} Be6
{[%clk 1:31:51]} 8. Nc4 {[%clk 1:33:03]} b5 {[%clk 1:31:46]} 9. Ne3
{[%clk 1:33:27]} Nf6 {[%clk 1:31:56]} 10. g3 {[%clk 1:32:49]} g6 {[%clk 1:31:39]}
11. Bg2 {[%clk 1:32:27]} Bh6 {[%clk 1:31:47]} 12. O-O {[%clk 1:31:08]} O-O
{[%clk 1:31:57]} 13. Bd2 {[%clk 1:28:56]} Rb8 {[%clk 1:31:33]} 14. Kh1
{[%clk 1:06:15]} Re8 {[%clk 1:17:07]} 15. a3 {[%clk 1:02:23]} Bg7
{[%clk 1:00:31]} 16. Ncd5 {[%clk 0:53:39]} Bxd5 {[%clk 0:53:11]} 17. exd5
{[%clk 0:53:27]} Ne7 {[%clk 0:53:20]} 18. c4 {[%clk 0:41:40]} Nc8
{[%clk 0:49:30]} 19. Rc1 {[%clk 0:37:52]} e4 {[%clk 0:33:28]} 20. Bc3
{[%clk 0:22:00]} Qd7 {[%clk 0:25:31]} 21. f4 {[%clk 0:17:48]} Nb6
{[%clk 0:22:05]} 22. f5 {[%clk 0:16:18]} Qe7 {[%clk 0:21:03]} 23. cxb5
{[%clk 0:15:31]} axb5 {[%clk 0:21:08]} 24. Bxf6 {[%clk 0:08:01]} Qxf6
{[%clk 0:09:53]} 25. fxg6 {[%clk 0:06:08]} Qxg6 {[%clk 0:10:20]} 26. Rc7
{[%clk 0:02:51]} Nc4 {[%clk 0:08:38]} 27. Rfxf7 {[%clk 0:02:42]} Qxf7
{[%clk 0:02:43]} 28. Rxf7 {[%clk 0:03:08]} Kxf7 {[%clk 0:03:11]} 29. Bxe4
{[%clk 0:00:37]} Nxe3 {[%clk 0:02:48]} 30. Qf3+ {[%clk 0:00:48]} Kg8 31. Qxe3
Bxb2 {[%clk 0:03:00]} 32. Qd3 {[%clk 0:00:51]} Re7 {[%clk 0:02:49]} 33. Bf5
{[%clk 0:01:07]} Kh8 {[%clk 0:02:33]} 34. Be6 {[%clk 0:01:06]} Ra7
{[%clk 0:02:01]} 35. Qd2 {[%clk 0:00:48]} Be5 {[%clk 0:02:22]} 36. Qe3
{[%clk 0:00:54]} Rba8 {[%clk 0:02:03]} 37. Qb3 {[%clk 0:00:47]} Rxa3 38. Qxb5 Ra2
{[%clk 0:02:26]} 39. Qb7 {[%clk 0:01:14]} R2a7 {[%clk 0:01:53]} 40. Qc6
{[%clk 0:00:55]} Ra6 {[%clk 0:01:29]} 41. Qb7 {[%clk 0:29:30]} 1/2-1/2